000 00431nab a2200145Ia 4500
003 ES-SlBCS
005 20210601143857.0
008 140529s1997 xxu||||| |||| 00| 0 spa d
041 _aspa
100 1 _aHryniewicz, Severo
_9294298
245 0 2 _aA Ética da auto-salvaçao em Plotino
_c Severo Hryniewicz
600 0 4 _aPlotino
_914921
773 0 _tPresença Filosofica
_gvol. 22, nº. 1-2, 1997, págs. 25-40
_wRev966
942 _cAR
999 _c699267
_d699267